000 00683nam a2200241 i 4500
001 C2-0145177
003 PPAK
005 20180727130615.0
008 980302s1996 my |||| ||||| | may d
020 _a9679423395
040 _aPPAK
_beng
_cPPAK
_erda
082 0 4 _a331.409595
_223
090 0 0 _a331.409595
_bWAN
_dG
245 0 0 _aWanita dan pekerjaan
250 _aRahmah Ismail ; Zaini Mahbar
264 1 _aBangi, Selangor :
_bPenerbit Universiti Kebangsaan Malaysia ,
_c1996
300 _a217 pages ;
_c23 cm
336 _2rdacontent
_atext
337 _2rdamedia
_aunmediated
338 _2rdacarrier
_avolume
650 1 0 _aWomen - Employment - Malaysia
942 _ddc
_cB
999 _c45810
_d45810